000 00372nam a2200145Ia 4500
008 200103s9999||||xx |||||||||||||| ||und||
020 _a9780071125208
040 _aIMU-MPC
082 _aColumn-33
100 _aKelly, S. Graham
245 0 _aFundamentals of Mechanical Vibrations
260 _bMcGraw-Hill Book Company, Inc.
_c1993
300 _axviii, 643
942 _cBK
999 _c7823
_d7823